000 00396cam a2200169 4500
001 D12215
008 090401t1923 xxu||||| |||| 00| 0 eng d
035 _a(Sirsi) u2018
041 _aeng
100 _aBowen, David
245 4 _aThe Mines and Quarries Acts with notes
260 _aLondon
_bSweet & Maxwell
_c1923
350 _a0
520 _aShelf 176
942 _n0
948 _c04/03/1997
999 _c85720
_d85720